000 00681nam a2200205Ii 4500
003 JO-AjNU
008 230605s9999||||xx |||||||||||||| ||und||
040 _aJO-AjNU
_bara
_erda
_cJO-AjNU
041 _aara
050 1 4 _aBF67.S4.1980
100 3 _aشيخاني، سمير,
_eauthor
_959364
245 0 0 _aعلم النفس في حياتنا اليومية
250 _aط3
264 3 1 _aبيروت: دار الآفاق الجديدة،1980
300 _a284ص
_bيحتوي على فهرس من ص 281-284
336 _atext
_btxt
_2rdacontent
337 _aunmediated
_bn
_2rdamedia
338 _avolume
_bnc
_2rdacarrier
650 4 _aعلم النفس التطبيقي
_959365
999 _aA26710
_c30278
_d30278